000 00762cam a22002533a 4500
001 6850
003 PGUSA
005 20140828083137.0
008 041101s2004||||xxu|||||s|||||000 1 eng d
040 _aPGUSA
_beng
042 _adc
050 4 _aPR
100 1 _aCarey, Rosa Nouchette,
_d1840-1909
245 1 0 _aEsther :
_ba book for girls
_h[electronic resource] /
_cRosa Nouchette Carey
260 _bProject Gutenberg,
_c2004
506 _aPublic domain in the USA.
516 _aElectronic text
653 _aGovernesses -- Fiction
653 _aYoung women -- Fiction
653 _aEngland -- Social life and customs -- 19th century -- Fiction
830 0 _aProject Gutenberg
_v6850
856 4 0 _uhttp://www.gutenberg.org/ebooks/6850
942 _cEB
999 _c236170
_d236170